Statistics for Divergent Trivia

Click here to take the quiz!

General Stats

  • This quiz has been taken 158 times
  • The average score is 12 of 15

Answer Stats

HintAnswer% Correct
How many fears does Tobias haveFour
100%
Tris' original factionAbnegation
98%
Tris' original nameBeatrice Prior
98%
Peter's original factionCandor
96%
Who decided to attack Abnegation?Erudite
95%
What was Tobias' last fear?Father
93%
Name of Tris' fatherAndrew Prior
86%
which element represents Erudite at the choosing ceremony?Water
84%
Who's eye does Peter stab with a butterknife?Edward
83%
Who on purposely pretended to lose every fight?Al
80%
Who is Zeke's brother?Uriah Pedrad
80%
Actress that plays ChristinaZoë Kravitz
55%
"Leaving us with Eric is like hiring a ___ who spends his time sharpening knives"babysitter
44%
Artist of the song "Beating Heart"Ellie Goulding
39%
What is Tori's tattoo?hawk
38%

Score Distribution

Percentile by Number Answered

Percent of People with Each Score

Your Score History

You have not taken this quiz